[Event "Challenge"]
[Site "http://www.queenalice.com/game.php?id=264492"]
[Date "2007.8.31"]
[Round "-"]
[White "Stulzer"]
[Black "felipealgusto"]
[Result "1-0"]
[WhiteElo "1990"]
[BlackElo "1441"]

1. d4 e5 2. dxe5 Nc6 3. Nf3 d5 4. exd6 Qxd6 5. Qxd6 Bxd6 6. Nc3 Bb4 7. Bd2 Bxc3
8. Bxc3 f6 9. O-O-O Bd7 10. e3 O-O-O 11. Bd3 Nh6 12. h3 Bf5 13. Nd4 Nxd4 14.
Bxd4 Bxd3 15. Rxd3 Nf5 16. Rhd1 Rhe8 17. Bxa7 b6 18. Rxd8+ Rxd8 19. Rxd8+ Kxd8
20. a4 Kc8 21. a5 Kb7 22. axb6 cxb6 23. Bxb6 Kxb6 24. Kd2 Nd6 25. Kd3 Kc5 26. e4
Nc4 27. Kc3 Nd6 28. Kd3 Kb4 29. f4 Nc4 30. c3+ Kb3 31. Kd4 Nxb2 32. e5 Nc4 33.
e6 Nd6 34. g4 h6 35. f5 h5 36. Kd5 Nc8 37. Kc6 Ne7+ 38. Kd7 hxg4 39. hxg4 Nd5
40. e7 Nxe7 41. Kxe7 Kxc3 42. Kf7 Kd4 43. Kxg7 Ke5 44. Kg6 Kf4 45. Kxf6 Kxg4 46.
Kg6 Kf4 47. f6 Ke5 48. f7 Ke6 49. Kg7 Kd7 50. f8=Q Ke6 51. Qc5 Kd7 52. Kf7 Kd8
53. Ke6 Ke8 54. Qc8# 1-0

[Event "Challenge"]
[Site "http://www.queenalice.com/game.php?id=264891"]
[Date "2007.9.1"]
[Round "-"]
[White "ShadowChees"]
[Black "felipealgusto"]
[Result "1-0"]
[WhiteElo "1500"]
[BlackElo "1428"]

1. e4 d5 2. exd5 Qxd5 3. Nc3 Qa5 4. d4 e5 5. Qe2 Nd7 6. Nf3 Bb4 7. Bd2 f6 8.
O-O-O Ne7 9. a3 Nd5 10. Nxd5 Bxd2+ 11. Rxd2 O-O 12. Qc4 Nb6 13. Nxb6+ Kh8 14.
Nxa8 Rd8 15. Nxc7 Bg4 16. dxe5 Rxd2 17. Nxd2 Qxe5 18. Bd3 Be6 19. Nxe6 h6 20.
Qc8# 1-0

[Event "Challenge"]
[Site "http://www.queenalice.com/game.php?id=275877"]
[Date "2007.9.23"]
[Round "-"]
[White "felipealgusto"]
[Black "Marcvs"]
[Result "1-0"]
[WhiteElo "1362"]
[BlackElo "1374"]

1. e4 e5 2. d4 f6 3. d5 d6 4. c3 c6 5. Qa4 Ne7 6. Be3 Bd7 7. dxc6 Bxc6 8. Bb5
Bxb5 9. Qxb5+ Nec6 10. Qxb7 Be7 11. Qxa8 Qc7 12. Bxa7 Nxa7 13. Qd5 Qd7 14. Nd2
Qb5 15. Qb3 Qxb3 16. axb3 Nac6 17. Ra8 O-O 18. Ngf3 Nd7 19. Rxf8+ Nxf8 20. O-O
Na5 21. Ra1 Bd8 22. b4 Nc6 23. Nc4 Be7 24. Ra6 Nb8 25. Ra7 Kf7 26. Nb6 Ke8 27.
Ra8 Kf7 28. Rxb8 g6 29. Rb7 1-0

[Event "Challenge"]
[Site "http://www.queenalice.com/game.php?id=277271"]
[Date "2007.9.26"]
[Round "-"]
[White "carol_2007"]
[Black "felipealgusto"]
[Result "0-1"]
[WhiteElo "978"]
[BlackElo "1441"]

1. Nc3 e5 2. e3 d5 3. Nf3 Bg4 4. Ke2 Bxf3+ 5. Kxf3 Qf6+ 6. Kg3 Nh6 7. Nxd5 Qg5+
8. Kh3 Bd6 9. Nxc7+ Bxc7 10. Qf3 Nc6 11. Qd5 Qg4# 0-1

[Event "Challenge"]
[Site "http://www.queenalice.com/game.php?id=279183"]
[Date "2007.9.30"]
[Round "-"]
[White "felipealgusto"]
[Black "BigDog"]
[Result "1-0"]
[WhiteElo "1445"]
[BlackElo "1419"]

1. e4 Nc6 2. d4 b6 3. Bb5 Nb4 4. c3 Na6 5. Bxa6 Bxa6 6. Bg5 f6 7. Bf4 d6 8. Qa4+
b5 9. Qxa6 Qb8 10. Qc6+ Kf7 11. Nf3 h5 12. b4 Qb6 13. Qxa8 g6 14. Qd5+ Kg7 15.
e5 1-0

[Event "Challenge"]
[Site "http://www.queenalice.com/game.php?id=279616"]
[Date "2007.9.30"]
[Round "-"]
[White "felipealgusto"]
[Black "Stulzer"]
[Result "0-1"]
[WhiteElo "1445"]
[BlackElo "2028"]

1. d4 Nf6 2. Bg5 Ne4 3. Bh4 g5 4. Nd2 Nxd2 5. Qxd2 gxh4 6. Qg5 e6 7. Qxd8+ Kxd8
8. e4 d5 9. Nf3 Nc6 10. e5 Be7 11. Bb5 Bd7 12. Bxc6 Bxc6 13. h3 Ba4 14. c3 c5
15. O-O Rc8 16. Rac1 Rg8 17. b3 Bb5 18. Rfe1 Bd3 19. c4 dxc4 20. bxc4 cxd4 21.
Nxd4 Bxc4 22. Nf3 Bd5 23. Rcd1 Ke8 24. Rd3 Rc2 25. a4 Bc5 26. Nd4 Rxg2+ 27. Kf1
Rcxf2# 0-1

[Event "MENGÃO"]
[Site "http://www.queenalice.com/game.php?id=280037"]
[Date "2007.10.2"]
[Round "-"]
[White "JOROVAS"]
[Black "felipealgusto"]
[Result "1-0"]
[WhiteElo "1536"]
[BlackElo "1449"]

1. e4 e5 2. Bc4 Qf6 3. Nc3 Bb4 4. Nd5 Qd6 5. Qf3 f6 6. c3 c6 7. Nxb4 a5 8. Nd3
b5 9. Bxg8 Rxg8 10. g3 Ba6 11. b4 a4 12. a3 Bb7 13. Nc5 Na6 14. Nxa6 Bxa6 15.
Qh5+ g6 16. Qxh7 O-O-O 17. Qh6 Qd3 18. Qh4 g5 19. Qg4 Kc7 20. Qf5 Rgf8 21. h4 g4
22. Qxg4 1-0

[Event "Challenge"]
[Site "http://www.queenalice.com/game.php?id=291150"]
[Date "2007.10.22"]
[Round "-"]
[White "felipealgusto"]
[Black "JOROVAS"]
[Result "1-0"]
[WhiteElo "1504"]
[BlackElo "1646"]

1. c4 e5 2. e4 d6 3. d4 exd4 4. Qxd4 Nc6 5. Qd1 g6 6. Bd2 Nf6 7. Bc3 Bg7 8. h3
O-O 9. Bd3 Qe8 10. Qf3 Ne5 11. Bxe5 Qxe5 12. Nc3 c6 13. Nge2 a5 14. Qf4 Nd7 15.
Qxe5 Nxe5 16. O-O-O f5 17. f4 Nd7 18. Bc2 Bxc3 19. Nxc3 a4 20. Rxd6 a3 21. b3
Nf6 22. e5 Ne8 23. Rd8 Ng7 24. Rhd1 Rxd8 25. Rxd8+ Kf7 26. c5 Nh5 27. Ne2 Ke7
28. Rd6 Ra5 29. b4 Ra7 30. Bb3 Ng7 31. Bg8 Ra4 32. Rd4 h5 33. Bb3 Ra8 34. Rd6
Ne8 35. Rxg6 Nc7 36. Rg7+ Kf8 37. Rxc7 h4 38. Rh7 Ke8 39. Rxh4 Ke7 40. Rh7+ Kd8
41. Be6 Rb8 42. Rh8+ Kc7 43. Bxc8 Rxc8 44. Rxc8+ Kxc8 45. Nd4 Kd7 46. Nxf5 Ke6
47. g4 Kd5 48. Kc2 Ke4 49. e6 Kxf4 50. e7 1-0

[Event "Challenge"]
[Site "http://www.queenalice.com/game.php?id=292783"]
[Date "2007.10.25"]
[Round "-"]
[White "Capixaba789"]
[Black "felipealgusto"]
[Result "0-1"]
[WhiteElo "1190"]
[BlackElo "1499"]

1. b3 e5 2. e4 d5 3. exd5 Qxd5 4. Nf3 Bg4 5. Bc4 Qe4+ 6. Qe2 Bxf3 7. gxf3 Qxe2+
8. Bxe2 a6 9. Bb2 Nc6 10. Nc3 Nb4 11. O-O-O Bc5 12. Rhg1 g6 13. Ne4 Bd4 14. Bxd4
exd4 15. Kb1 f5 16. Nc5 b6 17. Ne6 Ke7 18. Ng5 h6 19. Nh3 g5 20. Kb2 Nf6 21. Rg2
Rhe8 22. a3 Kf7 23. Bc4+ Nbd5 24. Rgg1 b5 25. Bd3 Kg6 26. Rg3 Nh5 27. Rg2 Nhf4
28. Nxf4+ Nxf4 29. Rgg1 Nxd3+ 30. cxd3 Re2 31. Rge1 Rae8 32. Rf1 Kf6 33. b4 Ke6
34. Kb3 Kd6 35. a4 c6 36. axb5 axb5 37. Rc1 Rxd2 38. Rc5 Re5 39. Rfc1 Rxd3+ 40.
Kb2 Rxc5 41. Rxc5 Rxf3 42. Rc2 Rh3 43. Rd2 Kd5 0-1

[Event "Challenge"]
[Site "http://www.queenalice.com/game.php?id=295521"]
[Date "2007.10.30"]
[Round "-"]
[White "JoeVanNee"]
[Black "felipealgusto"]
[Result "1-0"]
[WhiteElo "1875"]
[BlackElo "1501"]

1. e4 e5 2. Nf3 d5 3. d3 Bg4 4. Be2 Nc6 5. O-O d4 6. Na3 Bxa3 7. bxa3 Bxf3 8.
Bxf3 h6 9. Qd2 Nf6 10. a4 a5 11. Rb1 b6 12. Ba3 Ra7 13. c4 Nd7 14. Bg4 Nc5 15.
Rb5 Nxa4 16. Rd5 Qa8 17. Bd7+ 1-0

[Event " REVANCHE"]
[Site "http://www.queenalice.com/game.php?id=298818"]
[Date "2007.11.5"]
[Round "-"]
[White "JOROVAS"]
[Black "felipealgusto"]
[Result "1-0"]
[WhiteElo "1685"]
[BlackElo "1554"]

1. e4 e5 2. Qf3 Qf6 3. Qg3 Nc6 4. c3 Nge7 5. d3 d5 6. Bg5 Qg6 7. Bxe7 Qxg3 8.
hxg3 Bxe7 9. Nd2 d4 10. cxd4 Nxd4 11. Rc1 Bd6 12. Ndf3 Nxf3+ 13. Nxf3 Bg4 14.
Nd2 Bb4 15. Rh4 h5 16. Rxc7 b6 17. f3 Be6 18. a3 Bd6 19. Rc6 Be7 20. Rh1 O-O 21.
Rxh5 Rac8 22. Rxc8 Rxc8 23. Rxe5 Bd6 24. Rh5 Bxg3+ 25. Ke2 f6 26. Ke3 Rc2 27. b4
Rc3 28. a4 Be1 29. Nb1 Rb3 30. Nd2 Bxd2+ 31. Kxd2 Rxb4 32. a5 Bf7 33. Rf5 Bg6
34. Rd5 b5 35. Kc3 Rb1 36. Rd8+ Kh7 37. Be2 Ra1 38. Kb4 Rb1+ 39. Kc5 b4 40. Ra8
b3 41. Kc4 Bf7+ 42. Kc3 Rc1+ 43. Kb2 Rc2+ 44. Kb1 Rxe2 45. Rxa7 Rxg2 46. Rxf7
Rg1+ 47. Kb2 Rg3 48. Kxb3 Rxf3 49. Kc3 1-0

[Event "Challenge"]
[Site "http://www.queenalice.com/game.php?id=299041"]
[Date "2007.11.6"]
[Round "-"]
[White "JoeVanNee"]
[Black "felipealgusto"]
[Result "0-1"]
[WhiteElo "1726"]
[BlackElo "1549"]

1. d4 d5 2. Nc3 Nc6 3. e4 e5 4. Bb5 dxe4 5. d5 a6 6. Nxe4 axb5 7. dxc6 Qxd1+ 8.
Kxd1 b6 9. Nf3 Bg4 10. Nc3 Bxf3+ 11. gxf3 b4 12. Nb5 Bd6 13. Be3 Ra6 14. Ke2 Nf6
15. Rhd1 O-O 16. Nxd6 cxd6 17. Rxd6 b5 18. Rad1 h6 19. c7 Rxd6 20. Rxd6 Ne8 21.
c8=Q Nxd6 22. Qg4 Rc8 23. Kd3 Nc4 24. Bxh6 Rd8+ 25. Ke2 g6 26. Qe4 Nd6 27. Qxe5
Re8 28. Qxe8+ Nxe8 29. Bf4 Nf6 30. Be5 Nd5 31. f4 Kf8 32. c4 bxc4 33. a4 bxa3
34. bxa3 f6 35. Bd4 Nxf4+ 36. Ke3 Nh5 37. a4 f5 38. f4 Ke7 39. a5 Kd7 40. Be5
Kc6 41. Bd4 Kb7 42. Bc3 Ka6 43. Bd2 Nf6 44. Be1 Ng4+ 45. Kd4 Nxh2 46. Kxc4 Nf3
47. Bc3 Ng1 48. Kd5 Ne2 49. Bd2 Nxf4+ 50. Ke5 Nh5 51. Ke6 f4 52. Kf7 f3 53. Be1
Nf4 54. Bf2 Nd3 55. Be3 g5 56. Ke6 g4 57. Kd5 f2 0-1

[Event "Challenge"]
[Site "http://www.queenalice.com/game.php?id=301986"]
[Date "2007.11.11"]
[Round "-"]
[White "felipealgusto"]
[Black "Landoaldojr"]
[Result "1-0"]
[WhiteElo "1544"]
[BlackElo "1500"]

1. Nf3 Nc6 2. g3 d6 3. e4 e5 4. Bb5 Bd7 5. Nc3 Nd4 6. Bxd7+ Qxd7 7. d3 O-O-O 8.
Be3 Kb8 9. Nxd4 exd4 10. Bxd4 c5 11. Be3 h6 12. Qf3 f6 13. O-O Ne7 14. a4 Nc6
15. a5 a6 16. Nd5 Ne5 17. Qg2 Rc8 18. Nb6 Qg4 19. Nxc8 Kxc8 20. f4 Nc6 21. f5 g5
22. h3 Qh5 23. Rfd1 Ne5 24. d4 Nc4 25. Qf2 Nxb2 26. Rdb1 cxd4 27. Bxd4 Nc4 28.
Bxf6 Rh7 29. Qa7 Qf3 30. Qa8+ Kd7 31. Qxb7+ Ke8 32. Qc8+ Kf7 33. Qe6# 1-0

[Event "Challenge"]
[Site "http://www.queenalice.com/game.php?id=309179"]
[Date "2007.11.24"]
[Round "-"]
[White "Landoaldojr"]
[Black "felipealgusto"]
[Result "1-0"]
[WhiteElo "1393"]
[BlackElo "1558"]

1. e4 e5 2. c3 d5 3. Qc2 Nf6 4. d3 c6 5. h3 d4 6. cxd4 Qxd4 7. Be3 Bb4+ 8. Nd2
Bxd2+ 9. Bxd2 Be6 10. Nf3 Qd7 11. O-O-O O-O 12. Nxe5 Qd4 13. Bc3 Qxf2 14. Qxf2
Nbd7 15. Nxd7 Nxd7 16. e5 Bxa2 17. Qg3 g6 18. Be2 Rae8 19. Bg4 f5 20. Bf3 f4 21.
Qg5 Rf5 22. Qh6 Nxe5 23. Be4 Rh5 24. Qxf4 Bb3 25. Rdf1 Bd5 26. Bxe5 Rhxe5 27.
Re1 Bxe4 28. dxe4 b5 29. Rhf1 a5 30. Qf7+ 1-0

[Event "War III"]
[Site "http://www.queenalice.com/game.php?id=1130024"]
[Date "2012.12.10"]
[Round "-"]
[White "BriaoColorado"]
[Black "felipealgusto"]
[Result "0-1"]
[WhiteElo "1118"]
[BlackElo "1533"]

1. e4 e5 2. Nf3 d5 3. exd5 Bg4 4. Bb5+ Nd7 5. O-O Nf6 6. Nc3 Bb4 7. Na4 Nxd5 8.
d3 c6 9. Bc4 N5b6 10. Bg5 f6 11. Bh4 Nxa4 12. Qe2 Qe7 13. Bg3 Bd6 14. c3 O-O-O
15. b4 Nxc3 16. Qc2 Bxb4 17. a3 Bc5 18. Qxc3 Bxf3 19. gxf3 Bd4 20. Qb3 Bxa1 21.
Rxa1 Nc5 22. Qb4 Qd6 23. Rb1 b6 24. a4 Nxd3 25. Ba6+ Kc7 26. Qc4 Qd5 27. Qg4 Rd7
28. a5 Nc5 29. Be2 Ra8 30. f4 Qe4 31. Re1 Re8 32. f3 Qe3+ 33. Bf2 Qxf4 34. Qh3
Rdd8 35. Rb1 Qd2 36. axb6+ axb6 37. Kf1 Qc2 38. Ra1 Ra8 39. Rd1 Ra2 40. Ra1
Qxe2+ 41. Kg2 Qxf2+ 42. Kh1 Rxa1+ 43. Qf1 Qxf1# 0-1